Solitons & polarons in conducting polymers
The main purpose of this volume is to provide the newcomer to this exciting field with a detailed introduction to basic concepts along with a collection of selected original papers. The selection is inevitably subjective,...
Сохранить в:
| Главный автор: | |
|---|---|
| Формат: | |
| Язык: | Undetermined |
| Опубликовано: |
Singapore
World Scientific
1988
|
| Предметы: | |
| Метки: |
Добавить метку
Нет меток, Требуется 1-ая метка записи!
|
| Thư viện lưu trữ: | Trung tâm Học liệu Trường Đại học Cần Thơ |
|---|
| LEADER | 00823nam a2200205Ia 4500 | ||
|---|---|---|---|
| 001 | CTU_156826 | ||
| 008 | 210402s9999 xx 000 0 und d | ||
| 020 | |c 63 | ||
| 082 | |a 530.14 | ||
| 082 | |b Y94 | ||
| 100 | |a Yu, Lu. | ||
| 245 | 0 | |a Solitons & polarons in conducting polymers | |
| 245 | 0 | |c Yu lu | |
| 260 | |a Singapore | ||
| 260 | |b World Scientific | ||
| 260 | |c 1988 | ||
| 520 | |a The main purpose of this volume is to provide the newcomer to this exciting field with a detailed introduction to basic concepts along with a collection of selected original papers. The selection is inevitably subjective,... | ||
| 650 | |a Solitons,Nonlinear theories,Inverse scattering transform,Các giả hạt,Lý thuyết hệ phi tuyến | ||
| 904 | |i Năm | ||
| 980 | |a Trung tâm Học liệu Trường Đại học Cần Thơ | ||